Open Data Biblioteca Nacional de Portugal


República Portuguesa: Ministério da Cultura
Biblioteca Nacional de Portugal

Catálogo da BNP: acesso por Identificadores Unívocos
Registos Bibliográficos associados ao registo de autoridade

Etiqueta de registo: 00254nam 2200025 450
001 2284997
003 http://id.bnportugal.gov.pt/bib/catbnp/2284997
010 ## $a978-989-9130-60-9
021 ## $aPT$b558355/25
100 ## $a20260422d2026 m y0pory01030103ba
101 1# $apor$cfre
102 ## $aPT
105 ## $ay z 000yy
106 ## $ar
200 1# $a O carrasco de Verdun$fLouis Dumur$gtrad. José Ribeiro dos Santos
205 ## $a1ª ed
210 #9 $aSilveira$cE-Primatur,$d2026
215 ## $a384 p.$d20 cm
304 ## $aTít. orig.: Le boucher de Verdun
700 #1 $aDumur,$bLouis,$f1863-1933$3180555
702 #1 $92$aSantos,$bJosé Ribeiro dos$4730$31996589
801 #0 $aPT$bBN$gRPC
966 ## $lBN$mFGMON$x1
966 ## $lBN$mFGMON$x1
971 ## $cssilva$d20260422

OpendataBNP@bnportugal.pt | Mais informação sobre acesso aos dados BNP